| Tag |
First Indicator |
Second Indicator |
Subfields |
| LEADER |
00000cam a22000008a 4500 |
| 001 |
in00000078920 |
| 005 |
20151008055144.0 |
| 008 |
810518s1981 nyua b 00110 eng |
| 010 |
|
|
|a 81007826
|
| 020 |
|
|
|a 082471511X
|
| 035 |
|
|
|a (OCoLC)07555128
|
| 035 |
|
|
|9 AAJ2700AM
|
| 039 |
0 |
|
|a 2
|b 3
|c 3
|d 3
|e 3
|
| 040 |
|
|
|a DLC
|c DLC
|d TXA
|d UtOrBLW
|
| 049 |
|
|
|a TXAM
|c [1442521]
|
| 050 |
0 |
0 |
|a TS167
|b .M34
|
| 082 |
0 |
|
|a 658.1/552
|2 19
|
| 100 |
1 |
|
|a Malstrom, Eric M.,
|d 1945-
|
| 245 |
1 |
0 |
|a What every engineer should know about manufacturing cost estimating /
|c Eric M. Malstrom.
|
| 263 |
|
|
|a 8107
|
| 264 |
|
1 |
|a New York :
|b M. Dekker,
|c [1981]
|
| 264 |
|
4 |
|c ©1981
|
| 300 |
|
|
|a xiii, 181 pages :
|b illustrations ;
|c 24 cm.
|
| 336 |
|
|
|a text
|b txt
|2 rdacontent
|
| 337 |
|
|
|a unmediated
|b n
|2 rdamedia
|
| 338 |
|
|
|a volume
|b nc
|2 rdacarrier
|
| 490 |
1 |
|
|a What every engineer should know ;
|v v. 6
|
| 500 |
|
|
|a Includes index.
|
| 504 |
|
|
|a Bibliography: pages 175-177.
|
| 650 |
|
0 |
|a Costs, Industrial.
|
| 650 |
|
0 |
|a Manufacturing processes
|x Estimates.
|
| 830 |
|
0 |
|a What every engineer should know ;
|v v. 6.
|
| 999 |
|
|
|a MARS
|
| 999 |
f |
f |
|s 2f9ea2e2-3f36-3ea9-bc61-8257f777fb43
|i 31a05975-19b8-3d37-9dd0-0e198ecb4104
|t 0
|
| 952 |
f |
f |
|p ric
|a Texas A&M University
|b Rellis Campus
|c Joint Library Facility
|d Remote Storage
|t 0
|e TS167 .M34
|h Library of Congress classification
|i unmediated -- volume
|m A14806258682
|
| 998 |
f |
f |
|a TS167 .M34
|t 0
|l Remote Storage
|